000 00857nam a2200217 i 4500
001 63440
003 ES-MaACL
005 20251011110840.0
007 t|
008 031210s1972 sp 00110dspa
080 _a929 Conde de Aranda
100 1 _aFerrer Benimeli, José A.
_950445
245 1 3 _aEl conde Aranda y su defensa de España :
_brefutación del "Viaje de Fígaro a España" /
_cJosé Antonio Ferrer Benimeli ; prólogo del Dr. Carlos E. Corona.
260 _aZaragoza :
_bDepartamento de Historia Contemporánea de la Universidad de Zaragoza,
_c1972.
300 _a192 p. :
_bil. ;
_c24 cm.
600 1 4 _aAranda, Pedro Pablo Abarca de Bolea,
_cConde de,
_d1719-1798
_922282
700 1 _aCorona Baratech, Carlos E.
_9172245
710 2 _aUniversidad de Zaragoza
_97352
852 4 _aES-MaACL
_jC-43112
999 _c63440
_d63440